Word Chain - Countries - Statistics

General Stats
  • This quiz has been taken 1,094 times
    1,071 since last reset
  • The average score is 12 of 24
Answer Stats
HintC Answer % Correct
Country famous for Papyrus and Ra Egypt
76%
Country between Costa Rica and Honduras Nicaragua
73%
Country home to the Ancient Roman city of Londinium United Kingdom
71%
The largest landlocked country in the world Kazakhstan
67%
Country bordering Belgium, Germany, and France Luxembourg
65%
Country named for Silver Argentina
64%
Country across the strait from Malmo Denmark
61%
Smallest Island nation in the World Nauru
57%
Island disputed whether to be Asian or European Cyprus
56%
Home of the 2004 Summer Olympics Greece
55%
Eastern Half of Hispaniola Dominican Republic
54%
Country home to the place where the White and Blue Nile meet Sudan
51%
The Northern half of the Malay Peninsula Thailand
51%
One of the Low Countries Netherlands
50%
Island Chain north of Madagascar Seychelles
50%
Country famous for a massive Buddhist Stupa in its capital Nepal
49%
Country that was home to dodos Mauritius
46%
Country whose capital is Baku Azerbaijan
45%
Country that separated the British and Russian Empires Afghanistan
35%
Non-European Dutch Speaking Country Suriname
35%
One of the original members of the British Commonwealth New Zealand
34%
Place where mankind was thought to have originated Ethiopia
33%
Country home to the city of Salalah Oman
27%
European Nation sometimes considered oldest country in the world San Marino
20%
No matching quizzes found
Score Distribution
Percent of People with Each Score
Percentile by Number Answered
Your Score History
You have not taken this quiz since the last reset